Pokemon 1. Generation nach buchstabe B - Statistiken

Allgemein
  • Dieses Quiz wurde 49 mal gespielt
  • Das Durchschnittsergebnis liegt bei 4 aus 6
Antwortstatistiken
Antwort % Korrekt
Bisaflor
100%
Bisasam
100%
Bisaknosp
98%
Bibor
76%
Bluzuk
34%
Blitza
27%
Keine übereinstimmenden Quizze gefunden
Verteilung der Resultate
Anzahl Personen mit jedem Resultat
Perzentil nach korrekt beantworteten Fragen
Ihre Resultats-Entwicklung
Sie haben dieses Quiz noch nicht gespielt